000 00671nam a2200205Ia 4500
003 GCL
008 140319s9999 xx 000 0 ara d
040 _aGCL /
_cGCL
082 0 4 _a811.094
_bس د
100 1 _aسميح القاسم
245 1 0 _aديوان الشعر العربى المعاصر الأعمال الكاملة للشاعر سميح القاسم /
_cسميح القاسم
260 _a[S.N] :
_bدار سعاد الصباح ،
_c1993
490 _a
650 0 4 _aالشعر العربى
650 0 4 _aالعصر الحديث
650 0 4 _aتاريخ
650 0 4 _aدواوين وقصائد
650 0 4 _aسميح القاسم
942 _2ddc
_cBK
999 _c39003
_d39003